Представление документа в формате RUSMARC

ПолеНазваниеЗначение
  Тип записи a
  Библиографический уровень m
001 Контрольный номер LIBNET\0001507647
005 Дата корректировки 20260703162718.4
010 Индекс ISBN __
a ISBN 978-5-17-178199-6
9 Тираж 2000 экз.
b Уточнения в пер.
100 Данные общей обработки __
a Данные общей обработки 20260520d2025 u y0rusy0189 ca
101 Язык документа 1_
a Язык текста rus
c Язык оригинала eng
102 Страна публикации __
a Страна публикации RU
105 Кодированные данные (монография) __
a Кодированные данные (монография) y z 000ay
200 Заглавие и сведения об ответственности 1_
a Заглавие Роза и семь братьев
f Первые сведения об ответственности Луиза Мэй Олкотт
g Последующие сведения об ответственности перевод с английского О. Лемпицкой
203 Вид содержания и тип средства __
a Вид содержания Текст
b Характеристика содержания визуальный
c Тип средства непосредственный
210 Выходные данные 1_
a Место издания Москва
c Издательство АСТ
d Дата издания 2025
215 Физическое описание __
a Объем 284, [3] с.
d Формат 19 см
225 Серия 1_
a Серия Эксклюзивная классика
333 Примечание о целевом назначении __
a Примечание о целевом назначении 12+
606 Тематические рубрики 0_
a Основная рубрика Проза (х. л.)
610 Ключевые слова 0_
a Ключевые слова проза американская
686 Индексы других классификаций __
a Классификационный индекс 84И7(Сое)-4
2 Код системы rubbk
700 Автор _1
a Фамилия Олкотт
b Имя (инициалы) Л. М.
f Даты 1832-1888
g Полное личное имя Луиза Мей
702 Вторичная интеллектуальная ответственность _1
a Фамилия Лемпицкая
b Имя (инициалы) О. Н.
g Полное личное имя Ольга Николаевна
4 Код отношения 730
801 Источник записи _0
a Страна RU
b Организация ЦГПБ Санкт-Петербург
c Дата составления 20251024
g Правила каталогизации rcr
801 Источник записи _1
a Страна RU
b Организация ЦГПБ Санкт-Петербург
c Дата составления 20251024
2 Код формата rusmarc
801 Источник записи _2
a Страна RU
b Организация Ульяновская ОНБ
c Дата составления 20260520
g Правила каталогизации RCR
900 Электронные ресурсы __
a Имя электронного ресурса много20260087
900 Электронные ресурсы __
a Имя электронного ресурса много20260088
901 Тип документа __
t Тип документа m
909 Создатель записи __
a Создатель записи Егорова Э. А.
b Дата создания записи 20260520
910 Корректоры записи __
a Корректор записи Пряхина
b Дата внесения изменения в запись 20260703